<?xml version="1.0" encoding="UTF-8"?>
<collection xmlns="http://www.loc.gov/MARC21/slim">
 <record>
  <leader>00569pamaa2200169   4500</leader>
  <controlfield tag="001">0000009131</controlfield>
  <controlfield tag="005">20090325090000.0</controlfield>
  <controlfield tag="008">090325                             eng  </controlfield>
  <datafield tag="020" ind1="0" ind2="0">
   <subfield code="a">9789832518518 (pbk.) </subfield>
  </datafield>
  <datafield tag="090" ind1="0" ind2="0">
   <subfield code="a">JC599.M4 </subfield>
   <subfield code="b">SUH 2008</subfield>
  </datafield>
  <datafield tag="110" ind1="1" ind2="0">
   <subfield code="a">Era Consumer Malaysia</subfield>
  </datafield>
  <datafield tag="245" ind1="0" ind2="0">
   <subfield code="a">SUHAKAM after 7 years : </subfield>
   <subfield code="b">stop shedding responsibilities  </subfield>
   <subfield code="c">Era Consumer Malaysia.</subfield>
  </datafield>
  <datafield tag="260" ind1="0" ind2="0">
   <subfield code="a">Selangor, Malaysia: </subfield>
   <subfield code="b">ERA Consumer Malaysia, </subfield>
   <subfield code="c">2008.</subfield>
  </datafield>
  <datafield tag="300" ind1=" " ind2=" ">
   <subfield code="a">78p: </subfield>
   <subfield code="b">ill.21 cm.</subfield>
  </datafield>
  <datafield tag="650" ind1="0" ind2="0">
   <subfield code="a">Human rights -- </subfield>
   <subfield code="z">Malaysia </subfield>
  </datafield>
  <datafield tag="650" ind1="0" ind2="0">
   <subfield code="a">Civil rights -- </subfield>
   <subfield code="z">Malaysia </subfield>
  </datafield>
  <datafield tag="901" ind1=" " ind2=" ">
   <subfield code="u">www.eraconsumer.org</subfield>
  </datafield>
 </record>
</collection>
